(Registro nro. 3333)
[ vista simple ]
| 000 -CABECERA | |
|---|---|
| campo de control de longitud fija | 01048nam a2200301 b 4500 |
| 001 - NÚMERO DE CONTROL | |
| campo de control | bimo0000479264 |
| 003 - IDENTIFICADOR DEL NÚMERO DE CONTROL | |
| campo de control | AR-RoIUNI |
| 005 - FECHA Y HORA DE LA ÚLTIMA TRANSACCIÓN | |
| campo de control | 20160928104032.0 |
| 007 - CAMPO FIJO DE DESCRIPCIÓN FÍSICA--INFORMACIÓN GENERAL | |
| campo de control de longitud fija | ta |
| 008 - DATOS DE LONGITUD FIJA--INFORMACIÓN GENERAL | |
| campo de control de longitud fija | 960521s1995 sp | r ||1 ||spa d |
| 016 7# - NÚMERO DE CONTROL DE UNA AGENCIA BIBLIOGRÁFICA NACIONAL | |
| Número de control del registro | bimoBNE19960162492 |
| Fuente | SpMaBN |
| 017 ## - NÚMERO DE COPYRIGHT O DE DEPÓSITO LEGAL | |
| Número de copyright o de depósito legal | V 3369-1995 |
| Agencia que asigna | Oficina Depósito Legal Valencia |
| 020 ## - NÚMERO INTERNACIONAL ESTÁNDAR DEL LIBRO | |
| Número Internacional Estándar del Libro | 8481910538 |
| 035 ## - NÚMERO DE CONTROL DEL SISTEMA | |
| Número de control de sistema | (OCoLC)318239136 |
| 040 ## - FUENTE DE LA CATALOGACIÓN | |
| Centro catalogador/agencia de origen | SpMaBN |
| Lengua de catalogación | |
| Centro/agencia transcriptor | |
| 041 1# - CÓDIGO DE LENGUA | |
| Código de lengua del texto/banda sonora o título independiente | spa |
| Código de lengua original | ita |
| 080 ## - NÚMERO DE LA CLASIFICACIÓN DECIMAL UNIVERSAL | |
| Número de la Clasificación Decimal Universal | 141:159.9 |
| 100 1# - ENTRADA PRINCIPAL--NOMBRE DE PERSONA | |
| Nombre de persona | Agamben, Giorgio |
| Fechas asociadas al nombre | 1942- |
| 240 10 - TÍTULO UNIFORME | |
| Título uniforme | <a href="Stanze">Stanze</a> |
| Lenguaje de la obra | Español |
| 245 10 - MENCIÓN DE TÍTULO | |
| Título | Estancias : |
| Resto del título | la palabra y el fantasma en la cultura occidental / |
| Mención de responsabilidad, etc. | Giorgio Agamben ; versión castellana de Tomás Segovia. |
| 260 ## - PUBLICACIÓN, DISTRIBUCIÓN, ETC. (PIE DE IMPRENTA) | |
| Lugar de publicación, distribución, etc. | Valencia : |
| Nombre del editor, distribuidor, etc. | Pre-Textos, |
| Fecha de publicación, distribución, etc. | [1995]. |
| 300 ## - DESCRIPCIÓN FÍSICA | |
| Extensión | 282 p., [16] h. de lam. : |
| Otras características físicas | il. ; |
| Dimensiones | 19 cm |
| 500 ## - NOTA GENERAL | |
| Nota general | Índice |
| 505 0# - NOTA DE CONTENIDO CON FORMATO | |
| Nota de contenido con formato | Primera parte: Los fantasmas de Eros -- Segunda parte: En el mundo de Odradek -- Tercera parte. La palabra y el fantasma -- Cuarta parte. La imagen perversa. |
| 650 #4 - PUNTO DE ACCESO ADICIONAL DE MATERIA--TÉRMINO DE MATERIA | |
| Término de materia o nombre geográfico como elemento inicial | PSICOLOGÍA |
| 650 #4 - PUNTO DE ACCESO ADICIONAL DE MATERIA--TÉRMINO DE MATERIA | |
| Término de materia o nombre geográfico como elemento inicial | FILOSOFÍA |
| 942 ## - ELEMENTOS DE PUNTO DE ACCESO ADICIONAL (KOHA) | |
| Fuente del sistema de clasificación o colocación | Clasificación Decimal Universal |
| Tipo de ítem Koha | Libros |
| Estado de retiro | Estado de pérdida | Fuente del sistema de clasificación o colocación | Estado dañado | Excepción de préstamo | Código de colección | Localización permanente | Ubicación/localización actual | Ubicación en estantería | Fecha de adquisición | Fuente de adquisición | Número de inventario | Total de préstamos | Signatura topográfica completa | Código de barras | Fecha visto por última vez | Fecha del último préstamo | Número de copia | Precio válido a partir de | Tipo de ítem Koha | Nota pública |
|---|---|---|---|---|---|---|---|---|---|---|---|---|---|---|---|---|---|---|---|---|
| Clasificación Decimal Universal | Psicología | BIBLIOTECA RIOBAMBA | BIBLIOTECA RIOBAMBA | BIBLIOTECA RIOBAMBA | 22/08/2016 | Compra | 3431 | 3 | 141:159.9 AGA | 3431 | 01/03/2018 | 01/03/2018 | 1 | 28/09/2016 | Libros | Donación Pablo Zöpke |

